2010 Nurse's Drug Handbook/ (Record no. 13558)

MARC details
000 -LEADER
fixed length control field 01219cas a2200325 a 4500
001 - CONTROL NUMBER
control field 14759170
005 - DATE AND TIME OF LATEST TRANSACTION
control field 20091209050300.0
007 - PHYSICAL DESCRIPTION FIXED FIELD--GENERAL INFORMATION
fixed length control field t|
008 - FIXED-LENGTH DATA ELEMENTS--GENERAL INFORMATION
fixed length control field 070306s2010mauar |r 001 0 eng d
010 ## - LIBRARY OF CONGRESS CONTROL NUMBER
LC control number
020 ## - INTERNATIONAL STANDARD BOOK NUMBER
International Standard Book Number 9780763779009
022 0# - INTERNATIONAL STANDARD SERIAL NUMBER
International Standard Serial Number 1939-6422
Source 1
035 ## - SYSTEM CONTROL NUMBER
System control number (OCoLC)ocm51606775
037 ## -
-- Blanchard & Loeb Publishers, LLC, 454 Railroad Avenue, Shiremanstown, PA 17011
040 ## - CATALOGING SOURCE
Original cataloging agency CVU
Transcribing agency CVU
Modifying agency OAk
-- OCoLC
-- DLC
-- NSDP
-- DLC
042 ## - AUTHENTICATION CODE
Authentication code lccopycat
-- nsdp
050 00 - LIBRARY OF CONGRESS CALL NUMBER
Classification number RM301.12
Item number .N875
082 10 - DEWEY DECIMAL CLASSIFICATION NUMBER
Classification number 615.1
Edition number 14
082 04 - DEWEY DECIMAL CLASSIFICATION NUMBER
Classification number 615.1
Item number NUR
Edition number 22
245 00 - TITLE STATEMENT
Title 2010 Nurse's Drug Handbook/
Statement of responsibility, etc Jones and Bartlett Publishers
250 ## - EDITION STATEMENT
Edition statement 9th ed.
260 ## - PUBLICATION, DISTRIBUTION, ETC. (IMPRINT)
Place of publication, distribution, etc Boston, Ma:
Name of publisher, distributor, etc Jones & Bartlett , 2010
Date of publication, distribution, etc 2010
300 ## - PHYSICAL DESCRIPTION
Extent 1202 p. :
Other physical details ill. ;
Dimensions 22 cm.
500 ## - GENERAL NOTE
General note Includes index
650 #0 - SUBJECT ADDED ENTRY--TOPICAL TERM
Topical term or geographic name as entry element Drugs
9 (RLIN) 10524
General subdivision Handbooks, manuals, etc.
942 ## - ADDED ENTRY ELEMENTS (KOHA)
Source of classification or shelving scheme Dewey Decimal Classification
Item type
Holdings
Withdrawn status Item status Source of classification or shelving scheme Damaged status Not for loan Vendor Home library Current library Shelving location Date acquired Source of acquisition Cost, normal purchase price Serial Enumeration / chronology Total Checkouts Full call number Barcode Date last seen Date last borrowed Koha item type
    Dewey Decimal Classification     Academic Bookshop Central Library Central Library First floor 02/03/2010   180.00 3698 3 615.1NUR 000020039 15/07/2025 30/04/2012 NB - Book (Non borrowing)